000 01604nam a22002177a 4500
999 _c63008
_d63008
003 Ge_BSU
005 20250501131513.0
008 250501s2025 ge ||||| |||| 00| 0 geo d
041 _ageo
080 _a82 ა-97
100 _aახვლედიანი, ანა
_922813
245 _aYouTube- ის კომენტარების ენობრივი სპეციფიკა და მისი გამოხატვის ძირითადი ხერხები (ინგლისურენოვან და ქართულ ვიდეო კომენტარების მასალაზე დაყრდნობით) /
_cანა ახვლედიანი; სამეცნიერო ხელმძღვანელი თ. შავლაძე; ბსუ. ჰუმანიტარულ მეცნიერებათა ფაკულტეტი. ევროპეისტიკის დეპარტამენტი.
264 _aბათუმი,
_c2025.
300 _a140 გვ.;
_b30 სმ.
504 _aბიბლიოგრ. გვ. 128-138
653 _aდისეტაცია
653 _aინგლისური ფილოლოგია
700 _aშავლაძე, თ.
_eსამეცნ. ხელმძღვანელი
_910736
710 _a ბსუ.
_bჰუმანიტარულ მეცნიერებათა ფაკულტეტი. ევროპეისტიკის დეპარტამენტი.
_924980
942 _2udc
_cDS